000 00337 a2200097 4500
999 _c18992
_d18992
003 WA 310
005 20180131144310.0
008 180131s1976 pl f u |000 0 pol d
040 _aWA 310/bw
_cWA 310/bw
245 0 0 _aLampy elektronowe - Lampy mikrofalowe Nazwy i określenia PN-76/T-01010.07 /
_cMinisterstwo Przemysłu Maszynowego.
246 1 3 _aPN-76/T-01010.07
246 1 3 _a621.385.6:001.4
260 _aWarszawa :
_bMinisterstwo Przemysłu Maszynowego,
_c1976.
300 _a25 stron ;
_c30 cm.
650 _aPolska norma
710 _aPolska.
_bMinisterstwo Przemysłu Maszynowego.
_eInstytucja sprawcza
_eWydawca
_4pbl
942 _2ddc
_cBK